Automatizované systémy řízení sešity INORGA

Gespeichert in:
Bibliographische Detailangaben
Format: Schriftenreihe
Sprache:Tschechisch
Veröffentlicht: Praha INORGA 1984
Tags: Tag hinzufügen
Keine Tags, Fügen Sie das erste Tag hinzu!

MARC

LEADER 00000nas2a2200000 4500
001 s105141
005 20250730114155.7
041 0 |a cze 
044 |a CZ 
245 1 0 |a Automatizované systémy řízení  |b sešity INORGA 
264 1 |a Praha  |b INORGA  |c 1984 
300 |a 1 zv. 
773 0 |w eu_un_cat*s120549